000 01257cam a22003977a 4500
003 CHAP
005 20220817043443.0
008 980610d1995 it a r 00110 fr d
010 _a75755
011 _a76727
020 _a9252037330
035 _a86314
040 _cCHAP
082 0 4 _a639.2
_bF3f v.347
110 2 _aFAO
245 1 0 _aPoints de référence en aménagement des pêcheries
_c/par J. F. Caddy et R. Mahon
260 _aRome :
_bFAO,
_c1995.
300 _a101 p. :
_bgráfs. ; cuadros
410 2 1 _aFAO
490 0 _aDocumento técnico de pesca
_v; 347
590 _aBATCH-UPD
_b10
_c20130110
_lUCH01
_h0457
590 _aBATCH-UPD
_b10
_c20130110
_lUCH01
_h2140
590 _aBATCH-UPD
_b10
_c20130410
_lUCH01
_h0135
590 _aBATCH-UPD
_b10
_c20130914
_lUCH01
_h0806
590 _aCONVERSION
_b10
_c20130109
_lUCH01
_h1341
650 1 4 _aPesca
_xAdministración.
_987353
650 1 4 _aRecursos marinos
_xConservación.
_995152
700 0 _aCaddy, J. F.
_917037
700 0 _aMahon, Robin.
_969887
810 0 _aFAO
830 0 0 _aDocumento técnico de pesca
_v; 347
_933242
901 _aBK
905 _aLilia Sánchez G.
942 _cLIBRO
949 _a639.2 F3f v.347
_bBC
_cFAO
_d33724000694089
_eFAO1
_h93462
_i86314
_kDonaciØn
_sb
999 _c75755
_d75755